Movies by picture of a scene #1 - Statistics

General Stats
  • This quiz has been taken 40 times
  • The average score is 10 of 16
Answer Stats
Picture Answer % Correct
Barbie
94%
Back to the future
92%
It
89%
Oppenheimer
86%
Black Swan
81%
Dumb and Dumber
72%
Speed
67%
The Social Network
67%
A League Of Their Own
58%
Freaky Friday
56%
The Great Gatsby
50%
2001: A Space Odyssey
47%
The Terminator
47%
Jack Frost
36%
Civil war
14%
Big Fat Liar
8%
No matching quizzes found
Score Distribution
Percent of People with Each Score
Percentile by Number Answered
Your Score History
You have not taken this quiz